Caballo de troya : (Registro nro. 3236)
[ vista simple ]
| 000 -LEADER | |
|---|---|
| fixed length control field | 01045nam a2200229Ia 4500 |
| 003 - CONTROL NUMBER IDENTIFIER | |
| control field | OSt |
| 005 - DATE AND TIME OF LATEST TRANSACTION | |
| control field | 20250410151713.0 |
| 008 - FIXED-LENGTH DATA ELEMENTS--GENERAL INFORMATION | |
| fixed length control field | 191128t1999 spa r 000 f spa d |
| 020 ## - INTERNATIONAL STANDARD BOOK NUMBER | |
| International Standard Book Number | 8439582730 |
| 040 ## - CATALOGING SOURCE | |
| Original cataloging agency | CO-JMCR |
| Transcribing agency | CO-JMCR |
| 041 ## - LANGUAGE CODE | |
| Language code of text/sound track or separate title | spa |
| 082 04 - DEWEY DECIMAL CLASSIFICATION NUMBER | |
| Classification number | A-N |
| Item number | BENc |
| 100 1# - MAIN ENTRY--PERSONAL NAME | |
| Personal name | Benítez, J. J., |
| Dates associated with a name | 1946 |
| Relator term | autor |
| 9 (RLIN) | 9914 |
| 245 10 - TITLE STATEMENT | |
| Title | Caballo de troya : |
| Remainder of title | Cesarea / |
| Statement of responsibility, etc. | J. J. Benítez |
| 260 ## - PUBLICATION, DISTRIBUTION, ETC. | |
| Place of publication, distribution, etc. | Madrid : |
| Name of publisher, distributor, etc. | Planeta deagostini, |
| Date of publication, distribution, etc. | ©1999 |
| 300 ## - PHYSICAL DESCRIPTION | |
| Extent | 439 páginas ; |
| Dimensions | 23 cm. |
| 490 0# - SERIES STATEMENT | |
| Series statement | Biblioteca J.J. Benítez |
| 505 ## - FORMATTED CONTENTS NOTE | |
| Formatted contents note | Seis años de silencio -- El diario (quinta parte) -- 28 de abril, viernes (año 30) -- 29 de abril, sábado -- Del 30 de abril al 3 de mayo -- del 4 al 14 de mayo -- 18 de mayo, jueves |
| 520 ## - SUMMARY, ETC. | |
| Summary, etc. | "Una documentación que pone al descubierto multitud de datos nuevos sobre la figura y la obra de Jesús de Nazaret. Podemos asegurar que -tal y como sospecha buena parte de la humanidad- las grandes potencias ocultan muchos de sus proyectos espaciales" |
| 650 14 - SUBJECT ADDED ENTRY--TOPICAL TERM | |
| Topical term or geographic name entry element | Novela española |
| 9 (RLIN) | 9917 |
| 942 ## - ADDED ENTRY ELEMENTS (KOHA) | |
| Source of classification or shelving scheme | Dewey Decimal Classification |
| Koha item type | Books |
| Withdrawn status | Lost status | Source of classification or shelving scheme | Materials specified (bound volume or other part) | Damaged status | Not for loan | Home library | Current library | Date acquired | Total Checkouts | Full call number | Barcode | Date last seen | Date last checked out | Copy number | Koha item type |
|---|---|---|---|---|---|---|---|---|---|---|---|---|---|---|---|
| Dewey Decimal Classification | Donación--19/04/2018-- | Biblioteca Pública José María del Castillo y Rada | Biblioteca Pública José María del Castillo y Rada | 11/28/2019 | 1 | A-N BENc | 201506967 | 04/28/2026 | 04/28/2026 | V.5 Ej.1 | Books |